LEADER 00850nam a2200217 i 4500 001 000000185512 003 CaOOAMICUS 005 20100208000000.0 008 100208s1967 it u000 u ita u 013 $a163526 040 $aSeMil$bita 100 1 $aGuariglia, Guglielmo <1909-1993>.$0(OLS)http://semarc/name/4392 245 13$aLe conquiste attuali dell'etnologia /$cGuglielmo Guariglia. 260 $aMilano :$bVita e Pensiero,$c1967. 300 $a144 p. ;$c19 cm. 500 $aBibliografia alla fine dei capitoli. 650 4$aEtnologia.$0(OLS)http://semarc/subject/1377 850 $aSeMil 852 $aSeMil$W1$xVenegono$y1$m2X I 302$j136203$B136203$CSeMilBibl$Z2$F147739 $81 996 $6245$aLe conquiste attuali dell'etnologia$9(OLS)http://semarc/title/266613 996 $6260$aMilano :$bVita e Pensiero$9(OLS)http://semarc/publisher/29642 LEADER 01177nas a2200229 i 4500 001 000000248824 003 CaOOAMICUS 005 20160414000000.0 008 160414b1997 it uu u0 0ita r 013 $a227729 040 $aSeMil$bita 100 1 $aBroggini, Francesca.$0(OLS)http://semarc/name/83148 245 10$aAspetti della cultura e delle narrativa del fascismo /$cFrancesca Broggini ... [et al.]. 260 $aVenegono Inferiore :$bComunità di Liceo - Seminario di Milano,$c1997. 300 $a70 p. ;$c22 cm. 650 4$aFascismo - Studi.$0(OLS)http://semarc/subject/4969 773 0 $tQuaderni di Parola e Comunità.$dVenegono Inferiore : Comunità di Liceo - Seminario di Milano, 1987.$w()2658 773 0 $tQuaderni di Parola e Comunità. Serie maggiore.$dVenegono Inferiore (VA) : Seminario di Venegono Inf. (VA), 1987.$w()33118 850 $aSeMil 852 $aSeMil$W1$xVenegono$y1$m44 5 31/5$j199170$B199170$CSeMilBibl$Z2$F210623 $85 996 $6245$aAspetti della cultura e delle narrativa del fascismo$9(OLS)http://semarc/title/351055 996 $6260$aVenegono Inferiore :$bComunità di Liceo - Seminario di Milano$9(OLS)http://semarc/publisher/30846